| 000 | 01611nam0a2200325 4500 | ||
|---|---|---|---|
| 001 | RU\NLR\bibl\1708108 | ||
| 005 | 20260405104329.0 | ||
| 010 |
_a978-5-98277-104-9 _9500 _bТ. 3 |
||
| 021 |
_aRU _b2010-83965 _95605 |
||
| 035 | _a(NLR Aleph) 001699151 | ||
| 090 |
_a1209221 _c1209221 |
||
| 100 | _a20101201d2010 |||y0rusy50 ca | ||
| 101 | 0 | _arus | |
| 102 | _aRU | ||
| 105 | _aa ||||||||| | ||
| 200 | 1 |
_aБиомеханические аспекты оптимизации методов профилактики зубочелюстных деформаций и ортопедического лечения детей при раннем удалении временных зубов _fпод ред. проф. В.Г. Васильева, проф. В.Ю. Лебединского |
|
| 210 |
_aИркутск _cНЦ РВХ СО РАМН _d2010 |
||
| 215 |
_a218 с. _cил. _d21 |
||
| 225 | 1 |
_aБиомеханика и морфология в стоматологии _vт.3 |
|
| 320 | _aБиблиогр.: с. 187-212 (316 назв.) | ||
| 606 | 1 |
_aЗубочелюстная система детей _xДеформации после экстракции молочных зубов _xОртопедическое лечение _92623686 _3RU\NLR\auth\661560246 |
|
| 686 | _aР733.665 | ||
| 686 | _aР733.668.55 | ||
| 702 | 1 |
_4340 _8rus _7ca _aВасильев _bВ. Г. _cд-р мед. наук _gВалерий Григорьевич _3RU\NLR\auth\7739836 _922799 |
|
| 801 | 0 |
_aRU _bNLR _c20101201 _gRCR |
|
| 801 | 1 |
_aRU _bNLR _c20101201 |
|
| 942 | _cBOOK | ||
| 980 | _aNB | ||